[Event "Floripa Chess Open 2024"]
[Site "Florianopolis"]
[Date "2024.01.24"]
[Round "6.14"]
[White "Hoffman, Alejandro"]
[Black "Starke, Bruno Orlando"]
[Result "1-0"]
[WhiteElo "2358"]
[BlackElo "2145"]
[PlyCount "89"]
[EventDate "2024.01.20"]
[EventRounds "10"]
[EventCountry "BRA"]

1. d4 d5 2. c4 e6 3. Nc3 c6 4. e4 dxe4 5. Nxe4 Bb4+ 6. Nc3 c5 7. Nf3 Nf6 8. a3
({RR} 8. Be2 Nc6 9. Be3 Ne4 10. Rc1 cxd4 11. Nxd4 Nxc3 12. bxc3 Be7 13. Nxc6
bxc6 14. Qxd8+ Kxd8 15. Rd1+ Bd7 16. O-O Kc8 17. c5 f6 18. f4 Kc7 19. Bd4 Rab8
20. Rd2 a5 21. Re1 Rhe8 22. Bc4 a4 {Zvjaginsev,V (2688)-Sjugirov,S (2622)
Moscow 2012 1/2-1/2}) 8... Ba5 9. Be3 ({RR} 9. Be2 O-O 10. O-O Nc6 11. dxc5
Bxc3 12. bxc3 Ne4 13. Qc2 Nxc5 14. Be3 Qe7 15. Rfd1 b6 16. Ng5 g6 17. Bf3 Bb7
18. Bxc5 Qxc5 19. Ne4 Qe7 20. Rd7 Qh4 21. Rxb7 Ne5 22. Qe2 Rad8 23. g3 Qh3 {
Ambartsumova,K (2418)-Garrido Diaz,J (2291) chess.com INT 2024 1-0}) 9... cxd4
$146 ({RR} 9... Nc6 10. dxc5 Bxc3+ 11. bxc3 Qa5 12. Qc2 Ng4 13. Qc1 O-O 14. Be2
e5 15. O-O f5 16. h3 Nf6 17. Rb1 f4 18. Rb5 Qc7 19. Bd2 Qe7 20. Re1 a6 21. Rb2
Qxc5 22. Bd3 Rd8 23. Qb1 Qxa3 24. Rb3 {Petrov,I (2200)-Tsvetkov,I (2325)
Borovetz 2002 0-1 (34)}) ({RR} 9... Nc6 10. dxc5 Bxc3+ 11. bxc3 Qa5 12. Qc2 Ng4
13. Qc1 O-O 14. Be2 Nxe3 15. Qxe3 Ne7 16. O-O Nf5 17. Qe4 Qxc5 18. Rfd1 f6 19.
Bd3 g6 20. h4 Ng7 21. Qd4 Qxd4 22. cxd4 Bd7 23. Be4 Rab8 24. Rab1 {Polgar,Z  
(2560)-Portisch,L (2580) Budapest 1993 1/2-1/2 (41)}) 10. Nxd4 Bxc3+ 11. bxc3
O-O 12. Be2 a6 13. O-O Qc7 14. Qc2 e5 15. Nf5 Be6 16. Rab1 Nbd7 17. Bf3 Nc5 18.
Bxc5 Qxc5 19. Bxb7 Bxc4 20. Bxa8 Bxf1 21. Bb7 Bc4 22. Ne3 Be6 23. a4 Nd5 24.
Bxd5 Bxd5 25. Qd3 Ba2 26. Rb2 Be6 27. h3 g6 28. Qxa6 Qxc3 29. Rb1 Rc8 30. a5
Rc5 31. Rb8+ Kg7 32. Qd6 Qa1+ 33. Kh2 Rc1 34. Qf8+ Kf6 35. h4 Rh1+ 36. Kg3 Qd4
37. Rb4 Qa7 38. Qh8+ Ke7 39. Qxe5 Rc1 40. Rb6 Qd7 41. a6 Rc7 42. Nd5+ Qxd5 43.
Qxc7+ Kf6 44. Qc3+ Ke7 45. a7 1-0

[Event "Floripa Chess Open 2024"]
[Site "Florianopolis"]
[Date "2024.01.24"]
[Round "6.15"]
[White "Nemeth Junior, Henrique"]
[Black "Von Buelow, Georg"]
[Result "1/2-1/2"]
[WhiteElo "2147"]
[BlackElo "2345"]
[PlyCount "70"]
[EventDate "2024.01.20"]
[EventRounds "10"]
[EventCountry "BRA"]

1. e4 e5 2. Nf3 Nc6 3. Bb5 a6 4. Ba4 Nf6 5. O-O Be7 6. Re1 b5 7. Bb3 d6 8. c3
O-O 9. h3 Nb8 10. d4 Nbd7 11. Nbd2 Bb7 12. Bc2 Re8 13. Nf1 Bf8 14. Ng3 g6 15.
a4 c5 16. d5 c4 17. Bg5 h6 18. Be3 Bg7 19. Qd2 Kh7 20. Rf1 Rf8 ({RR} 20... Qe7
21. Nh2 Rac8 22. axb5 axb5 23. Ra5 Nc5 24. Rxb5 Qd7 25. Ra5 Qc7 26. Rfa1 Nfd7
27. Qe2 Qb6 28. R1a2 Ra8 29. Rxa8 Rxa8 30. Qxc4 Rc8 31. Qf1 Ba6 32. Qa1 Bc4 33.
Ra7 Qb5 34. b4 Bb3 35. Bxb3 {Backiel,H (2208)-Greicius,P (2076) Bialystok POL
2022 1-0 (37)}) 21. Nh2 Qe7 22. Ne2 $146 ({RR} 22. f4 exf4 23. Rxf4 Ne5 24. Nf3
Nxf3+ 25. Rxf3 Nd7 26. Rf4 h5 27. Raf1 Ne5 28. Ne2 Bc8 29. Nd4 Bd7 30. axb5
axb5 31. R4f2 Ra2 32. Qc1 Nd3 33. Bxd3 cxd3 34. Rf4 Be5 35. R4f3 Bxd4 36. Bxd4
f5 {Clarke,B (2400)-Costello,A (2231) chess.com INT 2019 1-0 (43)}) ({RR} 22.
f4 exf4 23. Rxf4 Ne5 24. Nf3 Nxf3+ 25. Rxf3 Nd7 26. Rf4 h5 27. Raf1 Ne5 28. Ne2
Bc8 29. Nd4 Bd7 30. axb5 axb5 31. R4f2 Ra2 32. Qc1 Nd3 33. Bxd3 cxd3 34. Rf4
Be5 35. R4f3 Bxd4 36. Bxd4 f5 {Clarke,B (2400)-Costello,A (2231) chess.com INT
2019 1-0 (43)}) 22... Nc5 23. f3 Nfd7 24. g4 bxa4 25. Bxa4 a5 26. Ra3 Qd8 27.
Bxd7 Nxd7 28. Ng3 Ba6 29. Kg2 Bb5 30. h4 f6 31. h5 g5 32. Nf5 Qc7 33. Rfa1 Rfb8
34. Nf1 Bf8 35. N1g3 Ra6 1/2-1/2

[Event "Floripa Chess Open 2024"]
[Site "Florianopolis"]
[Date "2024.01.24"]
[Round "6.16"]
[White "Silva, Kaua Marques"]
[Black "Labussiere, Victor"]
[Result "1-0"]
[WhiteElo "2142"]
[BlackElo "2328"]
[PlyCount "119"]
[EventDate "2024.01.20"]
[EventRounds "10"]
[EventCountry "BRA"]

1. e4 c5 2. Nf3 Nc6 3. d4 cxd4 4. Nxd4 g6 5. c4 Bg7 6. Be3 Nf6 7. Nc3 O-O 8.
Be2 d6 9. O-O Bd7 10. Re1 Nxd4 11. Bxd4 Bc6 12. Qd3 a5 13. b3 Nd7 14. Bxg7 Kxg7
15. Qd4+ Kg8 16. Rad1 Qc7 $146 ({RR} 16... Qb6 17. Nd5 Bxd5 18. exd5 Qxd4 19.
Rxd4 Nc5 20. Bd1 Rfe8 21. Kf1 Kf8 22. Re3 h5 23. Ke1 Rec8 24. Kd2 Rc7 25. Rh3
Kg7 26. Rdh4 Rh8 27. Bc2 Nd7 28. Re3 Nf6 29. h3 b5 30. Rd4 Rhc8 31. Bd3 {
Anasrullah-Rogers,I (2569) Kuala Lumpur 2005 0-1 (52)}) 17. Rd3 Nc5 18. Rd2 Qb6
19. Bd1 e5 20. Qe3 Qc7 21. Bg4 f5 22. Bf3 f4 23. Qe2 Ne6 24. Qd3 Rad8 25. Bg4
Nc5 26. Qh3 Rf6 27. Qh4 Kg7 28. f3 Qb6 29. Qf2 Qb4 30. Nd5 Bxd5 31. Rxd5 a4 32.
Rb1 Ra8 33. Qd2 Qb6 34. Kh1 axb3 35. axb3 h5 36. Bh3 Kh6 37. Qc2 Na6 38. b4
Nxb4 39. Qd2 Nxd5 40. Rxb6 Nxb6 41. Qb4 Na4 42. Qxb7 Raf8 43. Bd7 Nc5 44. Qb5
R6f7 45. Bc6 Rf6 46. h4 g5 47. hxg5+ Kxg5 48. Qb6 Rg8 49. Qc7 Kg6 50. Qe7 Rgf8
51. Kg1 Kh6 52. Be8 Ne6 53. Kf1 Ng7 54. Bd7 R8f7 55. Qd8 Rf8 56. Qe7 Kg6 57.
Ke2 R8f7 58. Qd8 Kh7 59. Bc6 Ne6 60. Qb8 1-0

[Event "Floripa Chess Open 2024"]
[Site "Florianopolis"]
[Date "2024.01.24"]
[Round "6.17"]
[White "Ferreira, Vitor Hugo Vieira"]
[Black "Tomiello, Lucas Costamilan"]
[Result "1/2-1/2"]
[WhiteElo "2128"]
[BlackElo "2306"]
[PlyCount "55"]
[EventDate "2024.01.20"]
[EventRounds "10"]
[EventCountry "BRA"]

1. d4 Nf6 2. c4 e6 3. Nf3 Bb4+ 4. Bd2 a5 5. a3 Be7 6. Nc3 d5 7. e3 O-O 8. Be2 (
{RR} 8. Rc1 Nc6 9. Be2 dxc4 10. Bxc4 Bd6 11. O-O e5 12. dxe5 Nxe5 13. Nxe5 Bxe5
14. Qe2 c6 15. Rfd1 Qe7 16. h3 Be6 17. Bxe6 Qxe6 18. Na4 Qb3 19. Nc5 Qxb2 20.
Rb1 Qxa3 21. Nxb7 Rab8 22. Nxa5 Rxb1 {De Souza,C (2018)-Zenelaj,S (2290) chess.
com INT 2023 0-1 (45)}) 8... Nbd7 9. O-O c6 10. c5 $146 ({RR} 10. Qc2 Re8 11.
Bd3 h6 12. c5 Bf8 13. b4 e5 14. Bf5 e4 15. Ne5 Nxe5 16. Bxc8 Qxc8 17. dxe5 Rxe5
18. Ne2 axb4 19. axb4 Rxa1 20. Rxa1 Re8 21. Bc3 Nd7 22. Ra7 Nb8 23. Ra1 Na6 24.
Qb2 Qd7 {Lie,T (1551)-Okike,D (2150) London 2013 0-1 (49)}) 10... e5 11. dxe5
Ne4 12. Rb1 Nxd2 13. Qxd2 Bxc5 14. b4 axb4 15. axb4 Bb6 16. b5 Bc7 17. bxc6
bxc6 18. e4 dxe4 19. Nxe4 Nxe5 20. Qc3 Bf5 21. Rbd1 Qe7 22. Ng3 Bg6 23. Nd4 c5
24. Ndf5 Bxf5 25. Nxf5 Qf6 26. Qxc5 Qxf5 27. Qxc7 Rac8 28. Qd6 1/2-1/2

[Event "Floripa Chess Open 2024"]
[Site "Florianopolis"]
[Date "2024.01.24"]
[Round "6.18"]
[White "Menna Barreto, Felipe Kubiaki"]
[Black "Do Nascimento, Christian Almeida"]
[Result "1-0"]
[WhiteElo "2278"]
[BlackElo "2123"]
[PlyCount "95"]
[EventDate "2024.01.20"]
[EventRounds "10"]
[EventCountry "BRA"]

1. Nf3 d5 2. b3 Nf6 3. Bb2 Bf5 4. g3 e6 5. Bg2 Be7 6. O-O h6 7. c4 O-O 8. d3 c5
9. cxd5 exd5 10. d4 ({RR} 10. Nbd2 Nc6 11. Ne5 Nxe5 12. Bxe5 Qd7 13. Rc1 Rac8
14. Re1 Bh3 15. Bxf6 Bxf6 16. Bxh3 Qxh3 17. e3 Rfd8 18. Qf3 Qe6 19. Rc2 Qa6 20.
e4 dxe4 21. Nxe4 Bd4 22. Rce2 Qg6 23. g4 Rc6 24. Kh1 Rf8 {Caprino,M (2064)
-Carlo,E (2321) Montesilvano ITA 2023 0-1 (65)}) 10... Nc6 11. Nc3 Be4 $146 ({
RR} 11... Rc8 12. dxc5 Bxc5 13. Rc1 Re8 14. Nh4 Be6 15. Na4 Bf8 16. Nc5 Bxc5
17. Rxc5 Ne4 18. Rc2 Qb6 19. Nf3 Nb4 20. Rxc8 Rxc8 21. Nd4 Nxa2 22. Bxe4 dxe4
23. Qa1 Bxb3 24. Nf5 Qe6 25. Nxg7 Qg6 26. h3 {Andersson,M (2320)-Sjogren,B  
(2213) Sweden 1999 1/2-1/2 (52)}) ({RR} 11... Rc8 12. Rc1 b6 13. Na4 c4 14.
bxc4 dxc4 15. Nc3 Bb4 16. d5 Bxc3 17. Rxc3 Qxd5 18. Qxd5 Nxd5 19. Rxc4 Be6 20.
Rcc1 a5 21. a4 Ndb4 22. Nd4 Nxd4 23. Bxd4 Rb8 24. Be5 Rbc8 25. Bd4 Rb8 26. Be5
{Welling,G (2405)-Cuijpers,F (2496) Netherlands 2006 1/2-1/2}) 12. Rc1 Bxf3 13.
Bxf3 Nxd4 14. Bg2 Rb8 15. e3 Nc6 16. Nxd5 Nxd5 17. Bxd5 Nb4 18. Be4 Qxd1 19.
Rfxd1 Rfd8 20. a3 Nc6 21. Bd5 Rbc8 22. Kf1 Kf8 23. Ke2 Rd7 24. Be4 Rcd8 25.
Rxd7 Rxd7 26. Bc3 g6 27. h4 Rd6 28. Be1 Rd7 29. Rd1 Rxd1 30. Kxd1 Bf6 31. Bxc6
bxc6 32. Kc2 Ke7 33. Bc3 g5 34. hxg5 hxg5 35. g4 Ke6 36. Bxf6 Kxf6 37. f4 Ke6
38. Kd3 Kd5 39. a4 a5 40. e4+ Kd6 41. Ke3 c4 42. bxc4 Kc5 43. e5 Kxc4 44. e6
gxf4+ 45. Kxf4 fxe6 46. g5 Kd5 47. g6 e5+ 48. Kf5 1-0

[Event "Floripa Chess Open 2024"]
[Site "Florianopolis"]
[Date "2024.01.24"]
[Round "6.20"]
[White "Dos Santos Dutra, Fernando Junior Fre"]
[Black "Becker, Rogerio Sperb"]
[Result "1-0"]
[WhiteElo "2262"]
[BlackElo "2114"]
[PlyCount "107"]
[EventDate "2024.01.20"]
[EventRounds "10"]
[EventCountry "BRA"]

1. d4 Nf6 2. c4 e6 3. Nc3 Bb4 4. e3 O-O 5. Bd3 d5 6. cxd5 exd5 7. a3 Bd6 8.
Nge2 Re8 9. f3 ({RR} 9. Qc2 a6 10. h3 b6 11. b4 Nbd7 12. O-O c5 13. bxc5 bxc5
14. Rb1 c4 15. Bf5 g6 16. Bxd7 Bxd7 17. g4 Nxg4 18. hxg4 Qh4 19. Ng3 Bxg4 20.
Rb6 Bf3 {0-1 (20) Duda,J (2743)-So,W (2770) chess.com INT 2020}) ({RR} 9. Qc2
b6 10. Nb5 c5 11. Nxd6 Qxd6 12. dxc5 bxc5 13. b3 Ba6 14. Bxa6 Qxa6 15. O-O Nbd7
16. Nf4 Rab8 17. Bb2 Qb6 18. b4 cxb4 19. Bd4 Qd6 20. axb4 Rxb4 21. Bxf6 Nxf6
22. Rxa7 h6 23. h3 Qb8 {Lobanov,S (2520)-Bok,B (2621) chess.com INT 2023 1/2-1/
2 (68)}) 9... c5 10. O-O Nc6 $146 ({RR} 10... a6 11. Bd2 b6 12. Rc1 Bb7 13. Qe1
Nc6 14. Qf2 Na5 15. Rce1 Qc7 16. g3 Nb3 17. Nc1 Nxd2 18. Qxd2 Re7 19. Bf5 Rae8
20. Nd3 g6 21. Bh3 Kg7 22. Kf2 h5 23. Kg2 h4 24. Qf2 hxg3 25. hxg3 {Rahman,S  
(2122)-Subrota,B (2253) Dhaka BAN 2022 0-1 (39)}) 11. Kh1 h6 12. Rg1 Be6 13. g4
Rc8 14. Rg2 a6 15. Qg1 Nh7 16. f4 Ne7 17. Qf2 f6 18. h4 f5 19. g5 h5 20. dxc5
Bxc5 21. b4 Ba7 22. Bb2 g6 23. Rd1 Nc6 24. Bb1 Bf7 25. Rg3 d4 26. exd4 Ne7 27.
Re3 Nd5 28. Re5 Bb8 29. Qf3 Nxc3 30. Rxe8+ Qxe8 31. Nxc3 Bb3 32. Rf1 Qe6 33. d5
Rxc3 34. dxe6 Rxf3 35. Rxf3 Bd5 36. Kg2 Kf8 37. Bxf5 gxf5 38. g6 Kg8 39. e7 Bc6
40. gxh7+ Kxh7 41. Kf2 Kg6 42. Rg3+ Kf7 43. Rg7+ Ke6 44. Ke3 Bd6 45. e8=Q+ Bxe8
46. Rxb7 Be7 47. Rb6+ Kd7 48. Rxa6 Bxh4 49. b5 Bd8 50. a4 h4 51. Rh6 Kc8 52.
Rh8 Kd7 53. Bc3 Ke7 54. Rxh4 1-0

[Event "Floripa Chess Open 2024"]
[Site "Florianopolis"]
[Date "2024.01.24"]
[Round "6.21"]
[White "Coppola, Claudio"]
[Black "Cueto, Jonny"]
[Result "1-0"]
[WhiteElo "2250"]
[BlackElo "2108"]
[PlyCount "69"]
[EventDate "2024.01.20"]
[EventRounds "10"]
[EventCountry "BRA"]

1. d4 d6 2. e4 Nf6 3. Nc3 e5 4. Nf3 Nbd7 5. Rg1 g6 6. g4 Bg7 7. g5 Nh5 8. Be3
O-O 9. Qd2 c6 10. O-O-O Qa5 11. Kb1 Nb6 12. Be2 Be6 13. d5 cxd5 14. exd5 Bd7
$146 ({RR} 14... Bf5 15. Nb5 Qxd2 16. Rxd2 Nc8 17. Nh4 Bd7 18. a4 f5 19. gxf6
Nxf6 20. Nc3 Ne7 21. a5 a6 22. f3 Rac8 23. Rgd1 Nf5 24. Nxf5 gxf5 25. Rg1 Kf7
26. Nd1 Rg8 27. c4 f4 28. Bb6 e4 29. fxe4 {Czerw,D (2275)-Sokolowski,R (1993)
Poronin POL 2020 1-0 (53)}) ({RR} 14... Bf5 15. Nb5 Qxd2 16. Rxd2 Nc8 17. Nh4
Bd7 18. a4 f5 19. gxf6 Nxf6 20. Nc3 Ne7 21. a5 a6 22. f3 Rac8 23. Rgd1 Nf5 24.
Nxf5 gxf5 25. Rg1 Kf7 26. Nd1 Rg8 27. c4 f4 28. Bb6 e4 29. fxe4 {Czerw,D (2275)
-Sokolowski,R (1993) Poronin POL 2020 1-0 (53)}) 15. Ne4 Qxd2 16. Nfxd2 Nxd5
17. Bxh5 Nxe3 18. fxe3 gxh5 19. Nf6+ Bxf6 20. gxf6+ Kh8 21. Nc4 Bf5 22. Nxd6
Bg6 23. Rg5 e4 24. Nxb7 Rfe8 25. Rgd5 h6 26. c4 Kh7 27. c5 Re6 28. Rd6 Bf5 29.
Rxe6 Bxe6 30. Rd8 Rxd8 31. Nxd8 Bh3 32. Nc6 Kg6 33. Nxa7 Kxf6 34. c6 Ke7 35. c7
1-0

[Event "Floripa Chess Open 2024"]
[Site "Florianopolis"]
[Date "2024.01.24"]
[Round "6.22"]
[White "Uczai, Joao Pedro Filimber"]
[Black "De Siqueira, Luigy Lira"]
[Result "0-1"]
[WhiteElo "2122"]
[BlackElo "2230"]
[PlyCount "94"]
[EventDate "2024.01.20"]
[EventRounds "10"]
[EventCountry "BRA"]

1. e4 e5 2. Nf3 Nc6 3. Bb5 a6 4. Ba4 Nf6 5. O-O Be7 6. Re1 b5 7. Bb3 d6 8. c3
Na5 9. Bc2 c5 10. d3 O-O 11. Nbd2 Nc6 12. Nf1 Be6 13. Ng3 h6 14. d4 cxd4 15.
cxd4 Nxd4 16. Nxd4 exd4 17. Qxd4 Qc7 $146 ({RR} 17... Rc8 18. Bb3 d5 19. exd5
Bc5 20. Qd1 Nxd5 21. Ne4 Bb6 22. Bxh6 gxh6 23. Bxd5 Bxd5 24. Qxd5 Qxd5 25. Nf6+
Kh8 26. Nxd5 Bd4 27. Re2 Rc5 28. Nb4 Rfc8 29. g3 Rc4 30. Nd3 Bf6 31. Rae1 a5
32. Re8+ {Panchanathan,M (2482)-Schneider,D (2453) Dallas 2004 1-0 (61)}) 18.
Bb3 Nd7 19. Bf4 Qb6 20. Qd1 Rac8 21. Nf5 Bxf5 22. exf5 Ne5 23. Bxe5 dxe5 24.
Rxe5 Bf6 25. Rd5 Bxb2 26. Rb1 Ba3 27. h3 Bc5 28. Qf3 Rfd8 29. Rbd1 Rxd5 30.
Rxd5 Re8 31. Rd1 a5 32. Rc1 Bd4 33. Rd1 Qc5 34. f6 a4 35. Bd5 Rd8 36. Be4 Bxf2+
37. Kh1 Rxd1+ 38. Qxd1 gxf6 39. Qg4+ Kf8 40. Qf4 Be3 41. Qb8+ Ke7 42. Qb7+ Kd6
43. Qb8+ Qc7 44. Qf8+ Ke5 45. Bf3 Qc1+ 46. Kh2 Bg1+ 47. Kg3 Qf4# 0-1

[Event "Floripa Chess Open 2024"]
[Site "Florianopolis"]
[Date "2024.01.24"]
[Round "6.23"]
[White "Zampronha, Wladimir Camilo"]
[Black "Campos, Maria Jose"]
[Result "0-1"]
[WhiteElo "2121"]
[BlackElo "2208"]
[PlyCount "146"]
[EventDate "2024.01.20"]
[EventRounds "10"]
[EventCountry "BRA"]

1. e4 e5 2. Nf3 Nc6 3. d4 exd4 4. Nxd4 Bc5 5. Be3 Qf6 6. c3 Qg6 7. Nd2 Nf6 8.
Nc2 ({RR} 8. f4 Nxd4 9. cxd4 Bb4 10. f5 Qg4 11. Qxg4 Nxg4 12. Bf4 d5 13. h3 Nf6
14. e5 Ne4 15. g4 g6 16. fxg6 fxg6 17. a3 Bxd2+ 18. Bxd2 h5 19. Rg1 hxg4 20.
hxg4 Be6 21. O-O-O Kd7 22. Bg2 Nf2 {Motylev,A (2574)-Gligoric,S (2490) Novi
Sad 2000 1/2-1/2 (33)}) ({RR} 8. Nxc6 Bxe3 9. fxe3 dxc6 10. e5 Ng4 11. Qe2 Nxe5
12. O-O-O Be6 13. b3 O-O-O 14. Qf2 Nd3+ 15. Bxd3 Qxd3 16. Kb2 Bg4 17. Rc1 Qxd2+
18. Qxd2 Rxd2+ 19. Rc2 Rxc2+ 20. Kxc2 Bf5+ 21. Kb2 Rd8 22. Kc1 Bg4 {Bakos,B  
(1587)-Minko,D (1705) Budva 2013 0-1}) 8... Be7 9. f3 $146 ({RR} 9. Be2 Qxg2
10. Bf3 Qh3 11. Bf4 d6 12. Rg1 g6 13. Nc4 Qe6 14. Qe2 Ne5 15. Nxe5 dxe5 16.
Qb5+ Nd7 17. Bg4 f5 18. exf5 gxf5 19. Bh5+ Kd8 20. O-O-O c5 21. Rge1 Kc7 22.
Ne3 a6 23. Qe2 Kb8 {Strikovic,A (2445)-Gligoric,S (2455) Budva 2002 1-0 (67)})
9... d5 10. exd5 Nxd5 11. Bf2 O-O 12. Ne3 Nf4 13. Qc2 Ne5 14. Qxg6 hxg6 15. Bg3
Ned3+ 16. Bxd3 Nxd3+ 17. Ke2 Rd8 18. Bxc7 Rd7 19. b3 b6 20. Bg3 f5 21. Ndc4 Ba6
22. Rhd1 Rad8 23. Bc7 Rxc7 24. Rxd3 Re8 25. Kd1 Rc5 26. f4 g5 27. g3 gxf4 28.
gxf4 Bh4 29. Kd2 Re4 30. Rd4 Bf6 31. Rxe4 fxe4 32. Rg1 b5 33. Ng4 Be7 34. Nce5
Rd5+ 35. Kc2 b4 36. c4 Ra5 37. Nc6 Rxa2+ 38. Kb1 Bc5 39. Kxa2 Bxg1 40. Nxb4 Bc8
41. Ne5 Bxh2 42. Nd5 Be6 43. Nc7 Bh3 44. Nd5 Be6 45. Nc7 Bxf4 46. Nxe6 Bxe5 47.
Kb1 e3 48. Kc2 Kf7 49. Nd8+ Kf6 50. Nc6 g5 51. Kd3 Bf4 52. Nxa7 g4 53. Nc6 g3
54. Nd4 g2 55. Ne2 Kf5 56. b4 Kg4 57. c5 Kf3 58. b5 Bh2 59. c6 Bc7 60. Ng1+ Kf2
61. Ne2 Bb6 62. Nf4 Kf1 63. Nxg2 e2 64. Kd2 Ba5+ 65. Kd3 Kf2 66. c7 Bxc7 67.
Kd2 Ba5+ 68. Kd3 Bb6 69. Kd2 Bc7 70. Kd3 Ba5 71. b6 Bxb6 72. Kd2 Ba5+ 73. Kd3
Bb4 0-1

[Event "Floripa Chess Open 2024"]
[Site "Florianopolis"]
[Date "2024.01.24"]
[Round "6.24"]
[White "Volkmann, Andre Jordi"]
[Black "Contin, Daniel"]
[Result "1-0"]
[WhiteElo "2083"]
[BlackElo "2203"]
[PlyCount "91"]
[EventDate "2024.01.20"]
[EventRounds "10"]
[EventCountry "BRA"]

1. d4 Nf6 2. c4 e6 3. Nf3 b6 4. g3 Ba6 5. Qc2 c5 6. d5 Qe7 ({RR} 6... exd5 7.
cxd5 Bb7 8. Bg2 Nxd5 9. O-O Be7 10. Rd1 Nc6 11. Qf5 Nf6 12. e4 g6 13. Qf4 O-O
14. e5 Nh5 15. Qh6 Nd4 16. Nxd4 Bxg2 17. Kxg2 cxd4 18. g4 Rc8 19. Rxd4 Ng7 20.
Nc3 f5 21. Qd2 {Aronian,L (2741)-Leko,P (2741) Moscow 2006 1/2-1/2}) ({RR} 6...
Bb7 7. e4 Qe7 8. Be2 d6 9. Nc3 g6 10. Qa4+ Qd7 11. Nb5 Nxe4 12. Bd3 exd5 13.
cxd5 Nf6 14. Bg5 Nxd5 15. Be4 Be7 16. Bxd5 O-O 17. Bxb7 Qxb7 18. O-O a6 19. Nc3
f6 20. Bh6 Qxf3 21. Bxf8 {Kantor,G (2529)-Stearman,J (2468) Sunnyvale USA 2023
1-0 (43)}) ({RR} 6... exd5 7. cxd5 Bb7 8. Nc3 Nxd5 9. Nxd5 Bxd5 10. Bg2 Nc6 11.
O-O Be7 12. Rd1 Be6 13. Bf4 d5 14. Ne5 Nd4 15. Qd3 f6 16. Nf3 Nc6 17. Ne1 Nb4
18. Qe3 Qd7 19. h4 Rd8 20. Rd2 d4 21. Qf3 {Schuster,C (2250)-Contin,D (2310)
Argentina 1989 0-1 (55)}) 7. Bg2 exd5 8. cxd5 Nxd5 $146 ({RR} 8... Bb7 9. O-O
Nxd5 10. a3 Nc6 11. e4 Nc7 12. Nc3 Ne6 13. Nd5 Qd8 14. Rd1 Be7 15. e5 O-O 16.
h4 Rb8 17. Be3 Kh8 18. Rd2 Ncd4 19. Nxd4 Nxd4 20. Bxd4 Bxd5 21. Bxd5 cxd4 22.
Rxd4 f6 23. exf6 {Potpara,N (2236)-Podlesnik,B (2381) Cetinje 2013 1/2-1/2 (59)
}) 9. O-O Nc6 10. Rd1 Nc7 11. Nc3 O-O-O 12. Bf4 d6 13. Ng5 Kb7 14. Qa4 b5 15.
Qe4 Qxe4 16. Ncxe4 f5 17. Nxc5+ dxc5 18. Rxd8 Kb6 19. Bxc7+ Kxc7 20. Ne6+ Kb6
21. Bxc6 Kxc6 22. Rxf8 Rxf8 23. Nxf8 b4 24. Kf1 h6 25. Ne6 g5 26. Rc1 c4 27.
Nd4+ Kc5 28. Nxf5 Bb5 29. Nxh6 a5 30. Nf5 a4 31. Ne3 a3 32. Nxc4 b3 33. Nxa3+
Kb4 34. Nxb5 bxa2 35. Nc3 g4 36. Nxa2+ Kb3 37. Rc8 Kxb2 38. Ke1 Ka1 39. Kd2 Kb2
40. Nc3 Ka1 41. Ra8+ Kb2 42. Rb8+ Ka3 43. Nd5 Ka2 44. Kc3 Ka1 45. Kc2 Ka2 46.
Ra8# 1-0

[Event "Floripa Chess Open 2024"]
[Site "Florianopolis"]
[Date "2024.01.24"]
[Round "6.25"]
[White "Rodi, Luis Ernesto"]
[Black "Ribeiro, Davison Soares"]
[Result "1/2-1/2"]
[WhiteElo "2196"]
[BlackElo "1989"]
[PlyCount "134"]
[EventDate "2024.01.20"]
[EventRounds "10"]
[EventCountry "BRA"]

1. e4 {Finkel,A} g6 2. d4 Bg7 3. c3 d6 4. Bc4 Nf6 5. Qe2 O-O ({RR} 5... c6 6.
Bb3 ({RR} 6. Nf3 O-O 7. Nbd2 Qc7 8. O-O e5 9. dxe5 dxe5 10. h3 Nbd7 11. Nh2 b5
12. Bb3 Nc5 13. Ng4 Nxg4 14. hxg4 Qd7) 6... e5 7. dxe5 ({RR} 7. Nf3 exd4 8.
cxd4 O-O 9. Nc3 Re8 10. Bg5 h6 11. Bh4 g5 12. Bg3 Nxe4 13. Nxe4 d5) 7... dxe5
8. Nf3 Nbd7 9. Be3 Qe7 ({RR} 9... Nxe4 10. Bxf7+ Kxf7 11. Qc4+ Kf8 12. Qxe4)
10. Nbd2 Nc5 11. Bxf7+ ({RR} 11. Bc2 Ng4 12. Bg5 f6 ({RR} 12... Bf6 13. Bxf6
Nxf6 14. b4 Ncd7 15. O-O O-O 16. Rfd1) 13. Bh4 Ne6 14. Bg3 Nf4 15. Bxf4 exf4)
11... Kxf7 12. Qc4+ Ne6 13. Nxe5+ Kg8 14. O-O ({RR} 14. O-O-O Nd7) 14... Ne8
15. Ndf3 Nd6 16. Qb3 Nf7 17. Nxf7 Qxf7 ({RR} 17... Kxf7 18. Ng5+ Ke8 19. Nf3 h6
20. Rad1 Kf7) 18. Rad1 h6 19. Rd6 Kh7 ({RR} 19... c5 20. Rfd1 Kh7 21. R1d5 Bf8)
20. Bd4 {Sulskis,S (2521)-Minasian,A (2600) Linares 2000 CBM 075 [Finkel,A]
0-1 (51)}) ({RR} 5... e5 6. dxe5 dxe5 7. Bg5 O-O 8. Nd2 c6 9. a4 h6 10. Bh4
Nbd7 11. Ngf3 g5 12. Bg3 Nh5 13. O-O) ({RR} 5... d5 6. Bb5+ Nfd7 7. exd5 O-O 8.
Nf3 Nf6 9. O-O Nxd5 10. Bc4 Nc6 11. Re1 Bg4 12. Nbd2 e5 13. dxe5 Nxe5 14. Qe4
Bxf3 15. Nxf3 Nxc4 16. Qxc4 c6 17. Bg5 Qb6 18. Re2 Rfe8 19. Rae1 Rxe2 20. Rxe2
{Rodi,L (2346)-Torres,D (2133) Florianopolis 2016 1-0 (37)}) 6. e5 ({RR} 6. Nf3
a6 7. a4 Nc6 8. Bg5 h6 9. Bh4 e5 10. dxe5 dxe5 11. O-O Qe8) ({RR} 6. Bg5 Nc6 7.
Nf3 e5 8. dxe5 dxe5 9. Nbd2 Qe7 10. O-O h6 11. Bh4 g5 12. Bg3 Nh5 13. Bd5 Nd8
14. Ne1 Nf4 15. Bxf4 exf4 16. Nd3 Be6 17. Rfe1 Re8 18. Qf3 c6 19. Bxe6 Nxe6 20.
Rad1 Rad8 {Bradley,W-Bohn,U (2168) Tartu EST 2022 0-1 (48)}) 6... dxe5 7. dxe5
Nd5 8. f4 $146 ({RR} 8. h3 Nb6 9. Bb3 Bf5 10. Nf3 Bd3 11. Qe3 Nc6 12. Na3 a5
13. Bd1 Qd5 14. Bb3 Nc4 15. Bxc4 Bxc4 16. b3 Nxe5 17. Nxc4 Nxc4 18. bxc4 Qxc4
19. Ne5 Qd5 20. Nf3 Qc4 21. Ne5 Bxe5 22. Qxe5 Rfd8 {Allan,D-Day,L Calgary 1975
1-0 (42)}) ({RR} 8. h3 Nc6 9. Nf3 Nb6 10. Bb5 Qd5 11. Bf4 Bf5 12. O-O Rad8 13.
Na3 Be4 14. Ng5 Bf5 15. Rad1 Qc5 16. g4 Nd5 17. Rxd5 Rxd5 18. Be3 Qxb5 19. Nxb5
Bd3 20. Qd1 Nxe5 21. Nxc7 Rd7 22. Bd4 h6 {Heimrath,R (2201)-Wittmann,H (2040)
Nuremberg 2011 1-0}) 8... c5 9. Nf3 Bf5 10. O-O Nb6 11. Rd1 Qc8 12. Bb3 c4 13.
Bc2 Bxc2 14. Qxc2 Nc6 15. Be3 f6 16. exf6 exf6 17. Na3 Ne7 18. Qe4 Ned5 19.
Bxb6 Nxb6 20. f5 Re8 21. Qg4 Qxf5 22. Qxf5 gxf5 23. Nd4 Re5 24. Rf1 Rae8 25.
Nxf5 Bf8 26. Nc2 Re2 27. Rf2 Na4 28. Rb1 Bc5 29. Nfd4 Bxd4 30. Nxd4 Re1+ 31.
Rf1 Rxb1 32. Rxb1 Rb8 33. Ne2 b5 34. b3 cxb3 35. axb3 Nc5 36. Ra1 Nxb3 37. Rxa7
b4 38. cxb4 Rxb4 39. h3 Nd4 40. Ng3 Rb1+ 41. Kh2 Rb5 42. Ne4 Rb6 43. Kg3 Re6
44. Nc5 Rc6 45. Nd7 Nf5+ 46. Kf4 Ne7 47. g4 Rc4+ 48. Kf3 Kf7 49. Nb6 Rc3+ 50.
Ke4 Rc6 51. Nd5 Re6+ 52. Kf4 Kf8 53. Ne3 Ng6+ 54. Kf3 Nh4+ 55. Kf2 Re7 56. Ra6
Kg7 57. Nd5 Rf7 58. Nf4 Ng6 59. Nh5+ Kh6 60. Rxf6 Rxf6+ 61. Nxf6 Kg5 62. Nh5
Kh4 63. Kg2 h6 64. Kh2 Ne5 65. Nf6 Nf3+ 66. Kg2 Ne5 67. Ng8 Nxg4 1/2-1/2